000 01361nam a2200289Ia 4500
003 OSt
005 20221005110053.0
006 a|||||r|||| 00| 0
007 ta
008 221004b |||||||| |||| 00| 0 tel d
020 _a8126001399 (pbk)
_c700
024 _a92477
037 _b494, 19/03/2009, Vani Prakashan
_cTextual
040 _aCRL
_cCRL
_btel
041 _2tel
_atel
082 _aO35,3N10,PV, 152N7
100 _aत्रिपुनेनि गोपीचन्द
245 0 _aपं. परमेश्वर शास्त्री की वसीयत, अनु0 पी आदेश्वर राव
246 _aPanparameshvar shāstrī kī vasīyata, anu pī ādeshvar rāva
260 _aनई दिल्ली
_bसाहित्य अकादेमी भारत
_c1997
300 _a213पृ0
_ccm.
490 _aसाहित्य अकादेमी से पुरस्कृत तेलगु उपन्यास
650 _aतेलुगु साहित्य
700 _a राव, पी आदेश्वर, अनु.
_9624056
942 _hO35,3N10,PV, 152N7
_cTEXL
_2cc
999 _c1017699
_d1017699